000 00306 a2200121 4500
999 _c321276
_d321276
001 86203
003 NUST
005 20180122093032.0
008 180122b xxu||||| |||| 00| 0 eng d
082 _a940.5344 AUB
100 _aLucie Aubrac
_99426
245 _aOutwitting the Gestapo
_cLucie Aubrac
260 _aUSA
_bUniversity of Nebraska
_c1993
300 _axxii 234p.
942 _aCAE NUST
_cBK
_k940.5344 AUB
_2ddc